| 000 | 01488 a2200229 4500 | ||
|---|---|---|---|
| 001 | 47419 | ||
| 005 | 20260407155741.0 | ||
| 008 | 260407a1985 arg spa d | ||
| 003 | AR-UNSa-BCEJYS | ||
| 040 |
_aAR-UNSa-BCEJYS _bspa _cAR-UNSa-BCEJYS |
||
| 080 |
_a330.35 _xCrecimiento económico |
||
| 245 | 1 | 0 | _aCambio estructural y crecimiento económico |
| 020 | _a84-368-0262-4 | ||
| 264 | 1 |
_aMadrid : _bEdiciones Pirámide _c1985 |
|
| 300 |
_a270 p. _c23 cm. |
||
| 505 | _a1. Introducción -- Parte I: Un modelo multisectorial de crecimiento económico: 2. El proceso de producción en el corto plazo - 3. El caso más simple de expansión económica: crecimiento de la población con rendimientos constantes a escala - 4. Problemas relacionados con el cambio técnico. Establecimiento de las bases de un análisis general dinámico - 5. Un modelo dinámico general multisectorial - 6. El significado empírico del análisis verticalmente integrado -- Parte II: 7. Los rasgos <naturales> de un sistema económico en crecimiento - 8. El tipo de interés <natural> - 9. La acumulación de capital y los problemas relacionados con ella - 10. La dinámica estructural de un sistema económico en crecimiento - 11. Relaciones económicas internacionales. | ||
| 942 | _cBK | ||
| 590 | _aniveau_biblio:m niveau_hierar:0 | ||
| 100 | 1 | _aAhijado, Manuel | |
| 700 | 1 | _aPasinetti, Luigi | |
| 856 | 4 | 1 |
_uhttps://www.biblioeco.unsa.edu.ar/pmb/images/libros/L127501.jpg _yImagen de portada _qimage/jpeg |
| 999 |
_c4358 _d4358 |
||